[Event "4NCL"]
[Site "De Vere, Staverton Park, ENG"]
[Date "2010.11.07"]
[Round "2.50"]
[White "Calvert, D Ian"]
[Black "Lunn, Matthew"]
[Result "1/2-1/2"]
[WhiteElo "1988"]
[BlackElo "1941"]
[PlyCount "38"]
[EventDate "2010.??.??"]
[WhiteTeam "Metropolitan"]
[BlackTeam "KJCA Kings"]

1. b3 e5 2. Bb2 Nc6 3. e3 d5 4. Bb5 Bd7 5. f4 Qh4+ 6. g3 Qe7 7. Nf3 f6 8. Nc3
Be6 9. O-O Nh6 10. fxe5 fxe5 11. e4 d4 12. Nd5 Qd7 13. c3 a6 14. Bxc6 bxc6 15.
Nb4 c5 16. Nd3 Nf7 17. cxd4 cxd4 18. Qc2 Bh3 19. Rf2 O-O-O 1/2-1/2